000 00640nam a22002417a 4500
003 UA-OsUOA
001 89633
007 ta
008 20121108b un ||||| |||| 00| 0 ukr d
100 _aШтейнитц П.
090 _a82-97
_bШ88
942 _cBK
040 _aUA-OsUOA
_bukr
_cUA-OsUOA
_dUA-OsUOA
245 _aПантелеимон целитель
_bроман
300 _a242 с.
955 _a3
041 _aukr
080 _a82-97
020 _a978-966-378-130-3
260 _aК.
_bДух і літера
_c2010
650 7 _a82 Література. Літературознавство
_2UDC
999 _c375775
_d375775